Oscar al miglior film d'animazione per immagini - Statistics

Statistiche generali
  • Questo quiz è stato fatto 234 volte
  • Il punteggio medio è 19 su 23
Statistiche sulle risposte
con Immagini Hint Risposta % Corretto
2014 Frozen
98%
2004 Alla ricerca di Nemo
97%
2016 Inside Out
96%
2002 Shrek
95%
2010 Up
95%
2023 Pinocchio di Guillermo del Toro
94%
2019 Spider-Man - Un nuovo universo
94%
2018 Coco
92%
2008 Ratatouille
91%
2005 Gli Incredibili
90%
2013 Ribelle - The Brave
90%
2017 Zootropolis
89%
2009 WALL-E
83%
2022 Encanto
82%
2011 Toy Story 3
82%
2021 Soul
77%
2015 Big Hero 6
76%
2007 Happy Feet
63%
2024 Il ragazzo e l'airone
61%
2003 La città incantata
61%
2020 Toy Story 4
60%
2012 Rango
59%
2006 Wallace & Gromit: La maledizione del coniglio mannaro
34%
Nessun quiz corrispondente trovato
Distribuzione punteggi
Percentuale di utenti per punteggio
Percentile per numero di risposta
I tuoi punteggi nel tempo
Non hai fatto questo quiz